Exotické formy derivátových kontraktov ako možnosť dosiahnutia zisku prostredníctvom špekulácie
Charakteristika, popis a fungovanie exotických swapových kontraktov a exotických opčných kontraktov: express swap, second chance swap, callable rande accrual swap, FX linked knockout swap, bariérové opcie, opcie s pohľadom späť, hákové a rebríkové opcie, digitálne opcie, košíkové opcie.
Uložené v:
| Hlavný autor: | |
|---|---|
| Médium: | Kapitola |
| Jazyk: | Slovak |
| Predmet: | |
| Tagy: |
Žiadne tagy, Buďte prvý, kto otaguje tento záznam!
|
MARC
| LEADER | 00000naa$a2200000$$$4500 | ||
|---|---|---|---|
| 001 | 0204333 | ||
| 005 | 20240502073418.3 | ||
| 041 | 0 | |a slo | |
| 044 | |a SK | ||
| 245 | 1 | 0 | |a Exotické formy derivátových kontraktov ako možnosť dosiahnutia zisku prostredníctvom špekulácie |c Gabriela Ponecová |
| 520 | |a Charakteristika, popis a fungovanie exotických swapových kontraktov a exotických opčných kontraktov: express swap, second chance swap, callable rande accrual swap, FX linked knockout swap, bariérové opcie, opcie s pohľadom späť, hákové a rebríkové opcie, digitálne opcie, košíkové opcie. | ||
| 610 | 2 | 0 | |a swap |
| 610 | 2 | 0 | |a opcie |
| 610 | 2 | 0 | |a riziko |
| 610 | 2 | 0 | |a mena |
| 610 | 2 | 0 | |a kurz menový |
| 610 | 2 | 0 | |a deriváty |
| 100 | 1 | |a Ponecová, Gabriela | |